Territories and Unrecognised States of Africa on a Map - Statistics

General Stats
  • This quiz has been taken 1,325 times
  • The average score is 8 of 11
Answers on the Map
Answers color-coded by a green-red scale on the quiz's map according to % correct below.
 
Answer Stats
Status Population Capital Language Territory % Correct
Unrecognised State 582 k El Aaiún (Laayoune) Arabic, Spanish Sahrawi Arab Democratic Republic
98%
Unrecognised State 4.00 m Hargeisa Somali Somaliland
94%
Territories of Non-African States 2.20 m Santa Cruz and Las Palmas Spanish Canary Islands
83%
Territories of Non-African States 889 k Saint-Denis French Réunion
81%
Dependent Territory 5.6 k Jamestown English Saint Helena, Ascension and Tristan da Cunha
79%
Territories of Non-African States 84.8 k Ceuta Spanish Ceuta
75%
Territories of Non-African States 266 k Dzaoudzi or Mamoudzou French Mayotte
70%
Territories of Non-African States 84.7 k Melilla Spanish Melilla
69%
Territories of Non-African States 60.5 k Hadibu Arabic Socotra
66%
Territories of Non-African States 267 k Funchal Portuguese Madeira
64%
Territories of Non-African States 6.3 k Lampedusa e Linosa Italian Pelagie Islands
28%
No matching quizzes found
Score Distribution
Percent of People with Each Score
Percentile by Number Answered
Your Score History
You have not taken this quiz